Представление документа в формате MARC21

Поле Инд. ПП Название Значение
Тип записи a
Библиографический уровень b
001 Контрольный номер DU/591799497
005 Дата корректировки 20200522191927.8
008 Кодируемые данные 20180827
040 b Код языка каталог. rus
e Правила каталог. PSBO
041 0_ a Код языка текста rus
084 a Индекс другой классификации/Индекс ББК 60.506
100 1_ a Автор Докторович А. Б.
q Полное имя Докторович Анатолий Борисович
245 10 a Заглавие Социологический анализ и методика оценки развития интеллектуального потенциала
504 a Библиография Библиогр.: с. 154
520 0_ a Аннотация В работе представлена современная методология анализа развития интеллектуального потенциала, основанная на новой авторской методике оценки индексов его развития
650 14 a Основная рубрика социология
653 1_ a Ключевые слова индекс научного потенциала
a Ключевые слова индекс образовательного потенциала
a Ключевые слова индекс развития интеллекутального потенциала (ИРИП)
a Ключевые слова индекс развития человеческого потенциала (ИРЧП)
a Ключевые слова интеллектуальный потенциал
a Ключевые слова методика оценки
a Ключевые слова методология анализа
a Ключевые слова научный потенциал
a Ключевые слова образовательный потенциал
a Ключевые слова социологические исследования
a Ключевые слова социологический анализ
a Ключевые слова человеческий потенциал
773 08 t Заглавие источника Вестник Московского университета. Серия 18, Социология и политология
d Дата издания источника 2012
g Прочая информация № 1. - С. 143 - 154 : табл., рис.
w Контрольный № источника RU/IS/BASE/392489925
901 t Тип документа b